LIBRARY & INFORMATION CENTRE, KCAET, TAVANUR

ONLINE PUBLIC ACCESS CATALOGUE (OPAC)

Lecture notes on general biology / (Record no. 11309)

MARC details
000 -LEADER
fixed length control field 00352cam a2200157ua 4500
041 ## - LANGUAGE CODE
Language code of text/sound track or separate title eng
082 ## - DEWEY DECIMAL CLASSIFICATION NUMBER
Classification number 574
Item number LEC
100 ## - MAIN ENTRY--AUTHOR NAME
Personal name Unknown, .
245 00 - TITLE STATEMENT
Title Lecture notes on general biology /
260 ## - PUBLICATION, DISTRIBUTION, ETC. (IMPRINT)
Place of publication :
Name of publisher Unknown.
300 ## - PHYSICAL DESCRIPTION
Number of Pages 69 ; .
650 ## - SUBJECT ADDED ENTRY--TOPICAL TERM
Topical Term Biology
942 ## - ADDED ENTRY ELEMENTS (KOHA)
Koha item type Books
Holdings
Withdrawn status Lost status Damaged status Home library Current library Date acquired Full call number Accession Number Koha item type
      KAUAET KAUAET 07/04/2012 574 3366 Books
free website counter